| 000 | 00372nam a2200145Ia 4500 | ||
|---|---|---|---|
| 008 | 230917s9999||||xx |||||||||||||| ||und|| | ||
| 040 |
_e44344 _aMAIN |
||
| 041 | _aEnglish | ||
| 082 | _a294.6 B223G | ||
| 100 | _aBanerjee, Anil Chandra | ||
| 245 | 0 | _aGuru Nanak to Guru Gobind Singh | |
| 260 |
_aAllahabad _bRajesh Publications _c1978 |
||
| 300 | _a244 p. | ||
| 942 | _cBK | ||
| 999 |
_c182718 _d182718 |
||